Serbia A-Z - Statistics

General Stats
  • This quiz has been taken 9 times
  • The average score is 11 of 26
Answer Stats
Clue Answer % Correct
B The national capital Belgrade
100%
C The alphabet which is used in the country Cyrillic
100%
O The nation's most common Christian sect Orthodox
75%
A Major power which exerted dominance over the country in the 1800s Austro-Hungarian Empire
63%
U Extremely short-named town Ub
63%
K Autonomous territory whose right to independence is disputed by Serbia Kosovo
63%
N Davison goes crazy in a city on the Danube Novi Sad
63%
V Autonomous region dominated by Hungary until the 20th century Vojvodina
63%
Y Nation which Serbia was part of until the 1990s Yugoslavia
63%
X Stage name of singer Ksenija Pajčin, an alternative spelling of her first name Xenia
50%
M Surname of ex-president Slobodan, jailed by the Hague war crimes tribunal Milošević
50%
R European champion football club from the capital Red Star
50%
S City which is basic out in the north Subotica
50%
F Emperor whose territory included the Voivoideship of Serbia before 1918 Franz Joseph
38%
L City of love sack confusion Leskovac
38%
D Tennis-playing fellow Djokavic
25%
E Award-winning film director: the title of the UAE's leader, and a variation of Costa Rica where you are the new feature Emir Kusturica
25%
H Empire which controlled much of the country in recent centuries Habsburg
25%
J Roman emperor born in Bederiana, near Niš Justin
25%
P City containing the name of 1990s Inter star and Golden Boot winner Darko Pančevo
25%
W Major conflict which began in this country, when it was invaded from the north World War I
25%
Z City where they use DOS command to rename Janine Zrenjanin
25%
I Juliet's in India, in this town Inđija
13%
Q Title of Maria Palaiologina, who was the great-niece of a Byzantine emperor Queen consort of Serbia
13%
G Town of jovial romancing, or no? Jim visits Italian metropolis to find out Gornji Milanovac
0%
T Town in Serbian domain where ten kittens are found Trstenik
0%
No matching quizzes found
Score Distribution
Percent of People with Each Score
Percentile by Number Answered
Your Score History
You have not taken this quiz